Presidents of France - Statistics

General Stats
  • This quiz has been taken 378 times
    114 since last reset
  • The average score is 10 of 25
Answer Stats
Hint Answer % Correct
2017- Emmanuel Macron
96%
1959-1969 Charles de Gaulle
93%
2007-2012 Nicolas Sarkozy
84%
2012-2017 François Hollande
78%
1995-2007 Jacques Chirac
74%
1981-1995 François Mitterrand
52%
1969-1974 Georges Pompidou
45%
1974-1981 Valéry Giscard d'Estaing
41%
1848-1852 Louis-Napoléon Bonaparte
40%
1954-1959 René Coty
30%
1887-1894 Marie François Sadi Carnot
27%
1913-1920 Raymond Poincaré
27%
1871-1873 Adolphe Thiers
26%
1873-1879 Patrice de Mac-Mahon
25%
1947-1954 Vincent Auriol
24%
1895-1899 Félix Faure
23%
1931-1932 Paul Doumer
23%
1932-1940 Albert Lebrun
22%
1920-1924 Alexandre Millerand
21%
1924-1931 Gaston Doumergue
21%
1920 Paul Deschanel
21%
1879-1887 Jules Grévy
20%
1906-1913 Armand Fallières
18%
1894-1895 Jean Casimir-Perier
18%
1899-1906 Émile Loubet
16%
No matching quizzes found
Score Distribution
Percent of People with Each Score
Percentile by Number Answered
Your Score History
You have not taken this quiz since the last reset